| Tag |
First Indicator |
Second Indicator |
Subfields |
| LEADER |
00000cam a2200000 4500 |
| 001 |
in00000077439 |
| 005 |
20151008052741.0 |
| 008 |
800514s1948 pau b 00000 eng d |
| 035 |
|
|
|a (OCoLC)06315109
|
| 035 |
|
|
|9 AAH4734AM
|
| 040 |
|
|
|c TXA
|d UtOrBLW
|
| 049 |
|
|
|a TXAM
|c 1 [171111]
|c 2 [171112]
|
| 090 |
|
|
|a HF5549.5.T7
|b K64 1948
|
| 092 |
|
|
|a 331.86
|b K77t
|
| 100 |
1 |
|
|a Koehler, Bernard J.
|
| 245 |
1 |
4 |
|a The training of college graduates in industry.
|
| 264 |
|
1 |
|a [Philadelphia?] :
|b [National Office Management Association],
|c [1948]
|
| 300 |
|
|
|a 36 pages
|
| 336 |
|
|
|a text
|b txt
|2 rdacontent
|
| 337 |
|
|
|a unmediated
|b n
|2 rdamedia
|
| 338 |
|
|
|a volume
|b nc
|2 rdacarrier
|
| 490 |
1 |
|
|a National office Management Association. Survey summary ;
|v no. 5
|
| 500 |
|
|
|a "Based on the findings of a NOMA research survey."
|
| 504 |
|
|
|a Bibliography: page 36.
|
| 650 |
|
0 |
|a Employees
|x Training of.
|
| 810 |
2 |
|
|a National Office Management Association.
|t Survey summary ;
|v no. 5.
|
| 999 |
|
|
|a MARS
|
| 999 |
f |
f |
|s 20a08b32-b853-34d2-91ef-168406b4bf54
|i 22a1d4c3-c7fa-3ce4-a88e-20000d9b852e
|t 0
|
| 952 |
f |
f |
|p ric
|a Texas A&M University
|b Rellis Campus
|c Joint Library Facility
|d Remote Storage
|t 0
|e HF5549.5.T7 K64 1948
|h Library of Congress classification
|i unmediated -- volume
|m A14800722772
|
| 998 |
f |
f |
|a HF5549.5.T7 K64 1948
|t 0
|l Remote Storage
|